01836nab a22002657a 4500999001500000003000400015005001700019008004100036040001100077100002700088245011000115260007300225300001500298500015400313505066100467505008901128650002601217650003501243650004601278650003201324650001901356650003101375773015101406942001301557 c5332d5332OSt20250221114842.0190603e xxum|||| |||| 00| 0 spa d cPJ-TDF 96377aPepe, Marcelo A.10aDerecho real de superficie. (Objeto del derecho real y facultades del superficiario) /cMarcelo A. Pepe. cCiudad Autónoma de Buenos Aires :aThomson Reuters La Ley, b2024. ap. 145-164 aCita: TR LALEY AR/DOC/1975/2024. Publicado en: R.C.C. y C. 2024 (Septiembre-Octubre). EDICIÓN ESPECIAL: XXIX Jornadas Nacionales de Derecho Civil. aSumario: I. Introducción.— II. El derecho real de superficie en el Cód. Civ. y Com.— III. Constitución del derecho real de superficie. Implicancias registrales y catastrales.— IV. Objeto de los derechos reales y del derecho real de superficie.— V. Emplazamiento del derecho real de superficie.— VI. Modalidades.— VII. Legitimados para constituir derecho real de superficie.— VIII. Adquisición del derecho real de superficie.— IX. Facultades del titular superficiario. Constitución de hipoteca.— X. Quid de la transmisibilidad de la superficie. Renuncia.— XI. La facultad del superficiario para constituir propiedad horizontal. t¿Te interesa el texto completo? Solicitalo al correo: koha@justierradelfuego.gov.ar 091821aDERECHOS REALES 091497aCODIGO CIVIL Y COMERCIAL 093981aDERECHO REAL DE SUPERFICIE FORESTAL 091608aINSCRIPCION REGISTRAL 091819aHIPOTECA 092309aPROPIEDAD HORIZONTAL0 0271393170dCiudad Autónoma de Buenos Aires : Thomson Reuters La Ley, 2015-tRevista Código Civil y Comercial. Nº 5 - Septiembre-Octubre 2024 2udccANA